<?xml version="1.0" encoding="UTF-8"?>
<record
    xmlns:xsi="http://www.w3.org/2001/XMLSchema-instance"
    xsi:schemaLocation="http://www.loc.gov/MARC21/slim http://www.loc.gov/standards/marcxml/schema/MARC21slim.xsd"
    xmlns="http://www.loc.gov/MARC21/slim">

  <leader>04700cam a22006254i 4500</leader>
  <controlfield tag="003">PE-LiUPU</controlfield>
  <controlfield tag="005">20250731170450.0</controlfield>
  <controlfield tag="008">150706s2008    sp      rb    000 0 spa d</controlfield>
  <datafield tag="020" ind1=" " ind2=" ">
    <subfield code="a">8408082043</subfield>
  </datafield>
  <datafield tag="020" ind1=" " ind2=" ">
    <subfield code="a">9788408082040</subfield>
  </datafield>
  <datafield tag="035" ind1=" " ind2=" ">
    <subfield code="a">(Sirsi) i9788408082040</subfield>
  </datafield>
  <datafield tag="040" ind1=" " ind2=" ">
    <subfield code="a">PE-LiUPU</subfield>
    <subfield code="b">spa</subfield>
    <subfield code="c">PE-LiUPU</subfield>
    <subfield code="d">PE-LiUPU</subfield>
    <subfield code="e">rda</subfield>
  </datafield>
  <datafield tag="049" ind1=" " ind2=" ">
    <subfield code="a">PRUA</subfield>
  </datafield>
  <datafield tag="082" ind1="0" ind2="4">
    <subfield code="a">153.68</subfield>
    <subfield code="b">P75</subfield>
    <subfield code="2">21</subfield>
  </datafield>
  <datafield tag="100" ind1="1" ind2=" ">
    <subfield code="a">Polaino, Aquilino,</subfield>
    <subfield code="e">autor.</subfield>
  </datafield>
  <datafield tag="245" ind1="1" ind2="0">
    <subfield code="a">Aprender a escuchar :</subfield>
    <subfield code="b">la necesidad vital de comunicarse /</subfield>
    <subfield code="c">Aquilino Polaino.</subfield>
  </datafield>
  <datafield tag="264" ind1=" " ind2="1">
    <subfield code="a">Barcelona :</subfield>
    <subfield code="b">Planeta,</subfield>
    <subfield code="c">2008.</subfield>
  </datafield>
  <datafield tag="300" ind1=" " ind2=" ">
    <subfield code="a">346 p&#xE1;ginas ;</subfield>
    <subfield code="c">23 cent&#xED;metros.</subfield>
  </datafield>
  <datafield tag="336" ind1=" " ind2=" ">
    <subfield code="a">text</subfield>
    <subfield code="2">rdacontent</subfield>
  </datafield>
  <datafield tag="337" ind1=" " ind2=" ">
    <subfield code="a">unmediated</subfield>
    <subfield code="2">rdamedia</subfield>
  </datafield>
  <datafield tag="338" ind1=" " ind2=" ">
    <subfield code="a">volume</subfield>
    <subfield code="2">rdacarrier</subfield>
  </datafield>
  <datafield tag="490" ind1="0" ind2=" ">
    <subfield code="a">Planeta Testimonio</subfield>
  </datafield>
  <datafield tag="504" ind1=" " ind2=" ">
    <subfield code="a">Incluye bibliograf&#xED;a.</subfield>
  </datafield>
  <datafield tag="505" ind1="0" ind2=" ">
    <subfield code="a">La necesidad de hablar y sentirse escuchado -- La persona como el ser que a s&#xED; mismo se encuentra en el di&#xE1;logo -- El mon&#xF3;logo del desencuentro -- Aprender a hablar -- La motivaci&#xF3;n, la escucha y el aprendizaje -- La acci&#xF3;n de escuchar -- Las ra&#xED;ces de la acci&#xF3;n de escuchar:  racionalidad, voluntad y empat&#xED;a -- Escucha, identidad y sentido -- &#xBF;Qu&#xE9; se entiende por escuchar? -- La escucha y el reflejo de orientaci&#xF3;n -- La acci&#xF3;n de atender y la corporalidad -- Actitudes y comportamientos en la acci&#xF3;n de escuchar -- La necesidad vital del di&#xE1;logo -- Autosuficiencia, dependencia y capacidad de escuchar -- La persona como un ser "descentrado" -- "No ., nada" -- C&#xF3;mo descubrir si nos escuchan o no -- Otras caracter&#xED;sticas que definen la acci&#xF3;n de escuchar -- &#xBF;Sabemos escuchar?:  doce sugerencias para conocerse mejor -- La apertura -- Temporalidad y oportunidad -- Empat&#xED;a -- Idoneidad de las personas para el encuentro donde emerge la escucha -- "Lo que tienes que hacer." -- Lo que no es escuchar.  algunos de los errores m&#xE1;s frecuentes -- La burbuja del ruido -- &#xBF;Se puede escuchar y tener prisa? -- La comunicaci&#xF3;n formal estereotipada -- Sesgos, prejuicios y multiculturalismo -- Algunos errores del hablante qu&#xE9; dificultan la escucha -- La adaptaci&#xF3;n de la palabra a quien escucha -- "&#xBF;Usted sabe con qui&#xE9;n est&#xE1; hablando?" -- El egotismo del hablante -- El que se escucha a s&#xED; mismo cuando habla -- &#xBF;Escuchar o combatir -- El pelmazo -- &#xBF;Escucharse o combatirse? -- La ausencia de "respuesta de orientaci&#xF3;n" -- El devorador de intimidades ajenas -- El cinismo indiferente -- Hablar s&#xF3;lo de los propios intereses y proyectos -- &#xBF;Sabemos escuchar? -- C&#xF3;mo evaluar si sabemos o no escuchar -- Cuestionario para la evaluaci&#xF3;n de las habilidades para escuchar -- &#xBF;Sabe escuchar a su pareja? -- Cuestionario para evaluar la escucha en la pareja -- &#xBF;Saben escucharse padres e hijos? -- Aprender a escuchar -- Los espa&#xF1;oles, &#xBF;animales visuales? -- Motivaciones para aprender a escuchar -- Sea amable antes de escuchar -- Sabotajes a la acci&#xF3;n de escuchar -- C&#xF3;mo aprender a escuchar a los hijos -- C&#xF3;mo ense&#xF1;ar a los hijos a escuchar -- Para comprender a los hijos adolescentes -- El silencio y la escucha -- La relevancia de lo, en apariencia, irrelevante -- Elocuencia del silencio -- La aceptaci&#xF3;n silenciosa puede ser muda, pero no sorda -- Aprender a escuchar el silencio -- Para aprender a escuchar la trascendencia -- La persona y la palabra -- La responsabilidad de escuchar -- El silencio del hombre -- El silencio de Dios -- &#xBF;Sabemos escuchar a Dios -- Por una cultura de la confianza -- &#xBF;Motivos para la desconfianza? -- La escucha es contraria a la violencia -- En busca de razones para confiar -- Por una cultura de la confianza.</subfield>
  </datafield>
  <datafield tag="526" ind1=" " ind2=" ">
    <subfield code="a">SEG68</subfield>
  </datafield>
  <datafield tag="526" ind1=" " ind2=" ">
    <subfield code="a">SEG70</subfield>
  </datafield>
  <datafield tag="526" ind1=" " ind2=" ">
    <subfield code="a">SEG69</subfield>
  </datafield>
  <datafield tag="526" ind1=" " ind2=" ">
    <subfield code="a">SEG67</subfield>
  </datafield>
  <datafield tag="526" ind1=" " ind2=" ">
    <subfield code="a">SEG43</subfield>
  </datafield>
  <datafield tag="526" ind1=" " ind2=" ">
    <subfield code="a">P144</subfield>
  </datafield>
  <datafield tag="526" ind1=" " ind2=" ">
    <subfield code="a">P143</subfield>
  </datafield>
  <datafield tag="526" ind1=" " ind2=" ">
    <subfield code="a">P131</subfield>
  </datafield>
  <datafield tag="526" ind1=" " ind2=" ">
    <subfield code="a">P122</subfield>
  </datafield>
  <datafield tag="526" ind1=" " ind2=" ">
    <subfield code="a">P120</subfield>
  </datafield>
  <datafield tag="526" ind1=" " ind2=" ">
    <subfield code="a">P117</subfield>
  </datafield>
  <datafield tag="526" ind1=" " ind2=" ">
    <subfield code="a">P112</subfield>
  </datafield>
  <datafield tag="526" ind1=" " ind2=" ">
    <subfield code="a">P110</subfield>
  </datafield>
  <datafield tag="526" ind1=" " ind2=" ">
    <subfield code="a">P106</subfield>
  </datafield>
  <datafield tag="526" ind1=" " ind2=" ">
    <subfield code="a">P101</subfield>
  </datafield>
  <datafield tag="526" ind1=" " ind2=" ">
    <subfield code="a">P80</subfield>
  </datafield>
  <datafield tag="526" ind1=" " ind2=" ">
    <subfield code="a">P59</subfield>
  </datafield>
  <datafield tag="526" ind1=" " ind2=" ">
    <subfield code="a">P54</subfield>
  </datafield>
  <datafield tag="526" ind1=" " ind2=" ">
    <subfield code="a">P35</subfield>
  </datafield>
  <datafield tag="526" ind1=" " ind2=" ">
    <subfield code="a">P33</subfield>
  </datafield>
  <datafield tag="526" ind1=" " ind2=" ">
    <subfield code="a">P30</subfield>
  </datafield>
  <datafield tag="541" ind1=" " ind2=" ">
    <subfield code="g">10579;</subfield>
  </datafield>
  <datafield tag="650" ind1="1" ind2="4">
    <subfield code="a">Comunicaci&#xF3;n interpersonal.</subfield>
    <subfield code="9">3021</subfield>
  </datafield>
  <datafield tag="650" ind1="2" ind2="4">
    <subfield code="a">Escucha (Psicolog&#xED;a).</subfield>
  </datafield>
  <datafield tag="910" ind1=" " ind2=" ">
    <subfield code="b">jv</subfield>
    <subfield code="c">lch</subfield>
    <subfield code="d">20100815</subfield>
  </datafield>
  <datafield tag="942" ind1=" " ind2=" ">
    <subfield code="2">ddc</subfield>
    <subfield code="c">BOOK</subfield>
  </datafield>
  <datafield tag="949" ind1=" " ind2=" ">
    <subfield code="a">153.68 P75</subfield>
    <subfield code="w">DEWEY</subfield>
    <subfield code="c">1</subfield>
    <subfield code="i">62008</subfield>
    <subfield code="d">2015-9-25</subfield>
    <subfield code="e">2015-9-18</subfield>
    <subfield code="l">CCODEBUL1</subfield>
    <subfield code="m">BUL</subfield>
    <subfield code="n">1</subfield>
    <subfield code="p">14.00</subfield>
    <subfield code="r">0</subfield>
    <subfield code="s">Y</subfield>
    <subfield code="t">BOOK</subfield>
    <subfield code="u">2015-7-6</subfield>
    <subfield code="x">TEOLOGIA</subfield>
    <subfield code="P">P35</subfield>
    <subfield code="0">COMPRA</subfield>
    <subfield code="o">.STAFF. Colecci&#xF3;n Ciencias de la Salud</subfield>
  </datafield>
  <datafield tag="994" ind1=" " ind2=" ">
    <subfield code="a">C0</subfield>
    <subfield code="b">PEPRU</subfield>
  </datafield>
  <datafield tag="596" ind1=" " ind2=" ">
    <subfield code="a">1</subfield>
  </datafield>
  <datafield tag="999" ind1=" " ind2=" ">
    <subfield code="a">153.68 P75</subfield>
    <subfield code="w">DEWEY</subfield>
    <subfield code="c">51122</subfield>
    <subfield code="i">62008</subfield>
    <subfield code="d">51122</subfield>
    <subfield code="e">2015-9-18</subfield>
    <subfield code="f">2021-11-3</subfield>
    <subfield code="g">5</subfield>
    <subfield code="l">CCODEBUL1</subfield>
    <subfield code="m">BUL</subfield>
    <subfield code="n">1</subfield>
    <subfield code="p">14.00</subfield>
    <subfield code="q">1</subfield>
    <subfield code="r">0</subfield>
    <subfield code="s">Y</subfield>
    <subfield code="t">BOOK</subfield>
    <subfield code="u">2015-7-6</subfield>
    <subfield code="x">SALUD</subfield>
    <subfield code="z">P33</subfield>
    <subfield code="0">COMPRA</subfield>
    <subfield code="o">.STAFF. Colecci&#xF3;n Ciencias de la Salud</subfield>
  </datafield>
  <datafield tag="980" ind1=" " ind2=" ">
    <subfield code="8">1</subfield>
    <subfield code="g">ALBERTO SANCHEZ Responsable de Automatizaci&#xF3;n</subfield>
  </datafield>
  <datafield tag="952" ind1=" " ind2=" ">
    <subfield code="r">2025-12-02 00:00:00</subfield>
    <subfield code="i">6</subfield>
    <subfield code="l">1</subfield>
    <subfield code="o">153.68 P75</subfield>
    <subfield code="p">62008</subfield>
    <subfield code="s">2015-09-18</subfield>
    <subfield code="t">e1</subfield>
    <subfield code="v">19.00</subfield>
    <subfield code="w">2015-07-06</subfield>
    <subfield code="x">FCS</subfield>
    <subfield code="y">BK</subfield>
    <subfield code="z">inventario-2023-12-13</subfield>
    <subfield code="1">0</subfield>
    <subfield code="2">ddc</subfield>
    <subfield code="5">0</subfield>
    <subfield code="7">0</subfield>
    <subfield code="8">GEN</subfield>
    <subfield code="f">P33</subfield>
    <subfield code="a">BUL</subfield>
    <subfield code="b">BUL</subfield>
    <subfield code="c">GEN</subfield>
    <subfield code="d">2015-07-06</subfield>
    <subfield code="e">COMPRA</subfield>
    <subfield code="g">14.00</subfield>
  </datafield>
</record>
